[Event "AUTO-OPEN-3535"]
[Site "http://www.queenalice.com/game.php?id=1380781"]
[Date "2015.9.1"]
[Round "1"]
[White "Dalri_Ultreya"]
[Black "XaraX"]
[Result "0-1"]
[WhiteElo "1718"]
[BlackElo "1852"]

1. d4 e6 2. Bf4 Nf6 3. e3 d5 4. Bd3 Bd6 5. Be5 Bxe5 6. dxe5 Nfd7 7. Qg4 O-O 8.
Nf3 h6 9. O-O c5 10. b3 f5 11. Qh5 Nc6 12. Qg6 Ncxe5 13. Be2 Nxg6 14. Nbd2 Nf6
15. Rad1 Ne4 16. Nxe4 fxe4 17. Ne1 a6 18. c4 d4 19. exd4 cxd4 20. Bh5 Nf4 21.
Bg4 Qg5 22. f3 Ne2+ 23. Kh1 exf3 24. Bxf3 b6 25. Rf2 Nc3 26. Rd3 e5 27. Bd5+
Nxd5 28. Rxf8+ Kxf8 0-1

[Event "AUTO-OPEN-3535"]
[Site "http://www.queenalice.com/game.php?id=1380782"]
[Date "2015.9.1"]
[Round "1"]
[White "XaraX"]
[Black "Dalri_Ultreya"]
[Result "1-0"]
[WhiteElo "1863"]
[BlackElo "1707"]

1. d4 d5 2. c4 Nf6 3. Nc3 Bg4 4. cxd5 Nxd5 5. h3 Bf5 6. Bf4 Nxf4 7. Nf3 e6 8. e3
Nd5 9. Bc4 a6 10. O-O b5 11. Bd3 b4 12. Nxd5 Bxd3 13. Nxc7+ Qxc7 14. Qxd3 Be7
15. Rac1 Qb6 16. Qe4 Ra7 17. Rc8+ Bd8 18. Rfc1 O-O 19. Ne5 b3 20. axb3 Qxb3 21.
Qc2 Qb7 22. Qc5 Nd7 23. Nxd7 Qxd7 24. b4 Be7 25. Rxf8+ Bxf8 26. Qa5 Qb7 27. Rc4
h6 28. f3 Ra8 29. Rc7 1-0

[Event "AUTO-OPEN-3536"]
[Site "http://www.queenalice.com/game.php?id=1381135"]
[Date "2015.9.3"]
[Round "1"]
[White "XaraX"]
[Black "Jackzapo"]
[Result "0-1"]
[WhiteElo "1883"]
[BlackElo "1981"]

1. d4 d5 2. c4 c6 3. Nc3 Nf6 4. Bg5 e6 5. e4 dxe4 6. Nxe4 Nbd7 7. Nf3 Be7 8.
Nxf6+ Nxf6 9. Be2 O-O 10. O-O Qc7 11. h3 Re8 12. Bd3 b6 13. Re1 Bb7 14. Qc2 h6
15. Bh4 c5 16. Bg3 Qc8 17. dxc5 Qxc5 18. b3 Rac8 19. Re5 Qc6 20. Rae1 Bd6 21.
R5e2 Bxg3 22. fxg3 Red8 23. Ne5 Qe8 24. g4 Qe7 25. Nxf7 Qxf7 26. Rxe6 Qd7 27.
Bf5 Qd2 28. Qxd2 Rxd2 29. R6e2 Rcd8 30. Kh2 Rxe2 31. Rxe2 Kf8 32. Kg3 Rd4 33.
Kf2 Ne4+ 34. Bxe4 Rxe4 35. Rxe4 Bxe4 36. a3 Ke7 37. g3 Ke6 38. Ke3 Ke5 39. h4 g5
40. b4 Bg2 0-1

[Event "AUTO-OPEN-3536"]
[Site "http://www.queenalice.com/game.php?id=1381136"]
[Date "2015.9.3"]
[Round "1"]
[White "Jackzapo"]
[Black "XaraX"]
[Result "0-1"]
[WhiteElo "1893"]
[BlackElo "1873"]

1. e4 e5 2. Nf3 Nc6 3. Bb5 Nge7 4. O-O g6 5. c3 Bg7 6. d3 a6 7. Ba4 O-O 8. Nbd2
b5 9. Bc2 Bb7 10. Re1 d6 11. Qe2 f5 12. exf5 Nxf5 13. Ne4 Nce7 14. Neg5 Bxf3 15.
Nxf3 c5 16. Bg5 h6 17. Bxe7 Qxe7 18. Rac1 Rae8 19. Bb3+ Kh7 20. Qe4 Qf6 21. Nd2
Ng3 22. f3 Nxe4 23. Nxe4 Qe7 24. a3 a5 25. Ba2 Rd8 26. b3 d5 27. Nf2 Qg5 28. b4
axb4 29. cxb4 cxb4 30. axb4 Rxf3 31. Rc5 Rdf8 32. Rc2 e4 33. dxe4 Bd4 34. Rf1
dxe4 35. Re2 e3 0-1

[Event "AUTO-OPEN-3553"]
[Site "http://www.queenalice.com/game.php?id=1387823"]
[Date "2015.10.7"]
[Round "1"]
[White "XaraX"]
[Black "Mannu"]
[Result "0-1"]
[WhiteElo "1890"]
[BlackElo "2110"]

1. d4 Nf6 2. c4 e6 3. Nc3 d5 4. Bg5 Be7 5. cxd5 Nxd5 6. Bxe7 Qxe7 7. e4 Nxc3 8.
bxc3 O-O 9. Nf3 Nd7 10. Bd3 b6 11. O-O Bb7 12. Re1 c5 13. h3 Rfc8 14. Qd2 cxd4
15. cxd4 Qa3 16. Rac1 Nf6 17. Rxc8+ Rxc8 18. Kh2 h6 19. Ne5 Qd6 20. g3 Qxd4 21.
f4 Nxe4 22. Qe2 Nc3 23. Qe3 Qd5 24. Qd2 Nxa2 25. Qe2 Nc1 26. Qd2 Rc3 27. Rg1 Rc7
28. h4 f6 29. Ng4 Qxd3 30. Qxd3 Nxd3 31. Ra1 Rc2+ 32. Kg1 Rg2+ 33. Kf1 Rxg3 34.
Rxa7 Bg2+ 35. Ke2 Nxf4+ 0-1

[Event "AUTO-OPEN-3553"]
[Site "http://www.queenalice.com/game.php?id=1387824"]
[Date "2015.10.7"]
[Round "1"]
[White "Mannu"]
[Black "XaraX"]
[Result "1-0"]
[WhiteElo "1921"]
[BlackElo "1853"]

1. d4 e6 2. c4 Bb4+ 3. Nc3 Nf6 4. e3 Ne4 5. Qc2 Nxc3 6. bxc3 Ba5 7. Ba3 d6 8.
Nf3 O-O 9. Bd3 g6 10. O-O Nd7 11. Rab1 c5 12. Be4 Nf6 13. Bxb7 Bxb7 14. Rxb7 Bb6
15. Qa4 Qc8 16. Qa6 Ne8 17. Rb1 Rb8 18. dxc5 Qxb7 19. Qxb7 Rxb7 20. cxb6 Rxb6
21. Rxb6 axb6 22. Nd4 Kg7 23. Nb5 Nf6 24. Bxd6 Rd8 25. f3 Ne8 26. Be5+ f6 27.
Bd4 Rb8 28. f4 Kf7 29. a4 Ke7 30. c5 bxc5 31. Bxc5+ Kd7 32. Nd4 Ra8 33. Kf2 Rxa4
34. Nb3 Kc6 35. Bd4 Kd5 36. e4+ Kc6 37. Kf3 Kd6 38. Bc5+ Kc6 39. Bb4 Kb5 40. Nc5
Nc7 41. Nxa4 Kxa4 42. Be7 f5 43. g4 fxe4+ 44. Kxe4 Kb3 45. Bf6 1-0

[Event "AUTO-OPEN-3555"]
[Site "http://www.queenalice.com/game.php?id=1388509"]
[Date "2015.10.10"]
[Round "1"]
[White "XaraX"]
[Black "Walbrodt"]
[Result "0-1"]
[WhiteElo "1857"]
[BlackElo "2598"]

1. d4 Nf6 2. c4 g6 3. Nc3 Bg7 4. e4 d6 5. Bd3 O-O 6. Nge2 Nc6 7. O-O Nh5 8. Be3
e5 9. d5 Ne7 10. Bg5 f6 11. Be3 f5 12. exf5 gxf5 13. Bg5 Kh8 14. h3 Bd7 15. b3
Rg8 16. Bxe7 Qxe7 17. Nc1 Qh4 18. N1e2 Bh6 19. Kh2 Rxg2+ 20. Kxg2 Rg8+ 21. Kh2
Nf4 22. Ng3 Qxh3+ 0-1

[Event "AUTO-OPEN-3555"]
[Site "http://www.queenalice.com/game.php?id=1388510"]
[Date "2015.10.10"]
[Round "1"]
[White "Walbrodt"]
[Black "XaraX"]
[Result "1-0"]
[WhiteElo "2599"]
[BlackElo "1855"]

1. e4 e5 2. Nf3 Nc6 3. Bc4 Bc5 4. c3 Nf6 5. d3 O-O 6. O-O h6 7. b4 Bb6 8. a4 a6
9. Nbd2 d6 10. Re1 Bg4 11. h3 Bh5 12. Nf1 Ba7 13. a5 Nh7 14. Ng3 Bxf3 15. Qxf3
Qf6 16. Qxf6 Nxf6 17. Nf5 Rfe8 18. b5 axb5 19. Bxb5 Ne7 20. Bxe8 Rxe8 21. Nxe7+
Rxe7 22. Rb1 c6 23. Be3 Bxe3 24. Rxe3 Nh5 25. Re2 1-0